000
00284 a2200133 4500
001
177556
020
_a
84-305-8162-6
040
_c
Magnum
240
1
0
_a
Karaoke infantil
_l
ESP
245
1
0
_a
Karaoke infantil
300
_a
19
697
_a
LITERATURA INFANTIL ESPANHOLA
942
_c
BK
999
_c
177556
_d
177556